Two Word TV Titles (1990s) Quiz Stats

 Plays Quiz Updated Sep 11, 2015

Challenge
Share
Tweet
Score 0/25 Timer 04:00
0 Plays Today
% Correct
Judge
98.9%
Dawson's
98.5%
Home
98.4%
Family
98.3%
The
98.1%
Hey
98%
7th
97.7%
South
97.5%
Sister
97%
Twin
96.9%
Ally
96.2%
Dexter's
95.7%
Melrose
95.7%
% Correct
Spin
93.2%
Suddenly
93.1%
All
92.8%
Diagnosis
92.2%
Babylon
90.8%
Northern
90.2%
Darkwing
88.6%
Sailor
88.5%
Road
88%
Chicago
87.6%
Goof
85.9%
Nash
85.3%

You're not logged in!

Compare scores with friends on all Sporcle quizzes.
OR
Log In

You Might Also Like...

Show Comments

Extras

Top Quizzes Today


Score Distribution

Your Account Isn't Verified!

In order to create a playlist on Sporcle, you need to verify the email address you used during registration. Go to your Sporcle Settings to finish the process.

Report this User

Report this user for behavior that violates our Community Guidelines.

Details: